000 01566cam a22002775a 4500
003 OSt
005 20210726141426.0
008 130411s2012 ck ad frn 000 0 spa d
020 _a9789588745336
040 _aCO-BoUCM
_cCO-JMCR
041 0 _aspa
082 0 4 _a330.98610634 /
_bM875c
_223
100 1 _aMorris Ordóñez, Francisco,
_942706
_eautor
245 1 0 _aCrisis financieras en Colombia 1982-1999 :
_borígenes y antecedentes de la principales crisis mundiales, 1929-2012
_cFrancisco Morris Ordóñez,
250 _a2a edición
260 _aBogotá :
_bUniversidad Sergio Arboleda,
_c2012.
300 _a196 páginas :
_bilustraciones y gráficas en blanco y negro ;
_c23 cm.
490 0 _aSerie Economía
504 _aBibliografía . páginas 193-196.
505 _aLas crisis financieras. -- Las crisis financieras y las herramientas monetarias. -- las políticas monetarias y las crisis financieras. Las maniobras de defensa. -- Presencia permanente de la crisis. -- Lo desconocido de la crisis de los ochenta. -- la verdad de los fondos bolivariano y grancolombiano. -- Las crisis y la macroeconomía del sector externo. -- Antecedentes notables de la crisis de 1982. -- La crisis financiera de fin de siglo. -- Diferencias instrumentales entre las crisis de 1999 y 1982. Enseñanzas de la crisis.
650 7 _aCrisis financiera
_zColombia
_912166
_y1982-1999
651 4 _aColombia
_xCondiciones económicas
_y1982-1999
_942709
651 4 _aColombia
_xPolítica monetaria
_y1982-1999
_943317
690 _aFinanzas
_938718
942 _cBK
_2ddc
999 _c11995
_d11995